000 00292nam a22001337a 4500
008 181006b xxu||||| |||| 00| 0 eng d
020 _a9781572594166
041 _aeng
080 _a159.9
100 _a49
101 _aPSI
245 _aExploring Psychology
_cMyers, D.G
942 _2udc
_cBK
999 _c48972
_d48972